zpět

Detail výsledku týmu

Café Hostel, České Budějovice

Datum a čas kvízu

30.5 Celkem bodů Celkový počet nahraných bodů na tomto kvízu bez doplňovacích otázek.
2. Pořadí na kvízu Konečné umístění týmu na tomto kvízu.

Zaznamenané odpovědi

# Otázka Odpověď Body Výsledky
1. Do pražských ulic vyjela tramv... 1
2. Thajská vesmírná agentura plán... 0
3. Moderátorský tým motoristickéh... 1
4. Známá společnost v úterý otevř... 0
5. Serena Willliamsová při svém n... 0
6. Toto téma je dalším, které jst... 1
7. Napište název básně ze sbírky... 1
5. Velmi osobitou postavou české... 0
5. Jak se jmenoval levicový uměle... 1
10. Jakub Arbes, mladší kolega a p... 0